Evropská energetika na prahu revoluce?
Predstava o budúcej európskej energetickej politike a spolupráci po roku 2020, ktorú zverejnila Európska komisia. Nová legislatíva komplexne zasiahne všetky odvetvia energetického sektoru. Čistá energia pre všetkých Európanov. Cieľ a prostriedky.
Gespeichert in:
| 1. Verfasser: | |
|---|---|
| Format: | Buchkapitel |
| Sprache: | Tschechisch |
| Schlagworte: | |
| Tags: |
Keine Tags, Fügen Sie das erste Tag hinzu!
|
MARC
| LEADER | 00000naa a2200000 4500 | ||
|---|---|---|---|
| 001 | 0234174 | ||
| 005 | 20170703130510.0 | ||
| 041 | 0 | |a cze | |
| 044 | |a CZ | ||
| 245 | 1 | 0 | |a Evropská energetika na prahu revoluce? |c Diana Procházková |
| 520 | |a Predstava o budúcej európskej energetickej politike a spolupráci po roku 2020, ktorú zverejnila Európska komisia. Nová legislatíva komplexne zasiahne všetky odvetvia energetického sektoru. Čistá energia pre všetkých Európanov. Cieľ a prostriedky. | ||
| 610 | 2 | 0 | |a Európska únia |
| 610 | 2 | 0 | |a spolupráca medzinárodná |
| 610 | 2 | 0 | |a politika energetická |
| 610 | 2 | 0 | |a hospodárstvo energetické |
| 610 | 2 | 0 | |a bezpečnosť energetická |
| 610 | 2 | 0 | |a trh energetický |
| 610 | 2 | 0 | |a legislatíva |
| 100 | 1 | |a Procházková, Diana | |